[Event "New York Blitz Fuel IM-C"]
[Site "New York"]
[Date "2025.01.20"]
[Round "8"]
[White "Espinosa, Pedro"]
[Black "Matta, Nicholas F"]
[Result "0-1"]
[WhiteElo "2220"]
[BlackElo "2257"]
[PlyCount "126"]
[EventDate "2025.01.16"]
[EventType "tourn"]
[EventRounds "9"]
[EventCountry "USA"]
[EventCategory "2"]
[SourceTitle "CB05_2025"]
[SourceDate "2025.01.29"]
[SourceVersion "1"]
[SourceVersionDate "2025.01.29"]
[SourceQuality "1"]

1. d4 d5 2. c4 c6 3. Nc3 Nf6 4. e3 Bf5 5. cxd5 cxd5 6. Qb3 Nc6 7. Qxb7 Bd7 8. Qb3 Rb8 9. Qd1 e5 10. dxe5 Nxe5 11. Be2 Bd6 12. Nf3 Nxf3+ 13. Bxf3 Qc7 14. h3 0-0 15. 0-0 Rfd8 16. a4 Bh2+ 17. Kh1 Be5 18. Qd3 Rb3 19. Qd1 Rb4 20. Nb5 Qc8 21. Nd4 Bxh3 22. Bd2 Rc4 23. b3 Bxd4 24. bxc4 Bxa1 25. Qxa1 Bg4 26. Bxg4 Qxg4 27. Qd4 Qxd4 28. exd4 dxc4 29. Rc1 Rc8 30. Bb4 Nd5 31. Bc5 c3 32. Kg1 a6 33. a5 Re8 34. Kf1 f5 35. Bd6 Kf7 36. Be5 Rc8 37. Ke2 g5 38. Bd6 Rc4 39. Kd3 Ra4 40. g3 Ra2 41. Kc4 Ke6 42. Bc5 Re2 43. Rh1 c2 44. Ba3 h5 45. Bc1 f4 46. gxf4 Nxf4 47. f3 Rf2 48. d5+ Kd6 49. Rg1 Rg2 50. Re1 h4 51. Ba3+ Kd7 52. d6 Re2 53. Rg1 Ng2 54. Kd3 Re3+ 55. Kxc2 Rxa3 56. Kb2 Rxf3 57. Rxg2 Rg3 58. Rf2 h3 59. Rf7+ Kxd6 60. Rf6+ Kc7 61. Rxa6 Rg4 62. Ra7+ Kb8 63. Rh7 Rh4 0-1

[Event "New York Blitz Fuel IM-C"]
[Site "New York"]
[Date "2025.01.17"]
[Round "2"]
[White "Matta, Nicholas F"]
[Black "Bortnyk, Mykola"]
[Result "1-0"]
[WhiteElo "2257"]
[BlackElo "2410"]
[PlyCount "93"]
[EventDate "2025.01.16"]
[EventType "tourn"]
[EventRounds "9"]
[EventCountry "USA"]
[EventCategory "2"]
[SourceTitle "CB05_2025"]
[SourceDate "2025.01.29"]
[SourceVersion "1"]
[SourceVersionDate "2025.01.29"]
[SourceQuality "1"]

1. e4 c5 2. Nf3 e6 3. g3 Nc6 4. Bg2 g6 5. d4 cxd4 6. Nxd4 e5 7. Nb5 d6 8. h4 Be6 9. h5 gxh5 10. Bh3 Bxh3 11. Rxh3 Nf6 12. N1c3 a6 13. Na3 Qd7 14. Rh4 Rg8 15. Nc4 Qc7 16. Ne3 Nd4 17. Ned5 Qd8 18. Be3 Nxd5 19. Nxd5 Rc8 20. Bxd4 exd4 21. Rxh5 Rg5 22. Rxh7 Bg7 23. Qd3 Kf8 24. 0-0-0 Qa5 25. Kb1 Re8 26. f4 Rxd5 27. exd5 Re3 28. Qc4 Re8 29. a3 b5 30. Qc6 Rd8 31. f5 d3 32. Rxd3 Qe1+ 33. Ka2 Kg8 34. Rxg7+ Kxg7 35. Qxa6 Qf2 36. Qxb5 Qxc2 37. Qb3 Qf2 38. Qc3+ Kg8 39. g4 Qg2 40. g5 Rb8 41. g6 fxg6 42. fxg6 Qe4 43. Qc7 Rxb2+ 44. Kxb2 Qe2+ 45. Qc2 Qe5+ 46. Ka2 Qf5 47. Rc3 1-0

[Event "Edward Lasker Memorial 108th"]
[Site "New York"]
[Date "2024.12.13"]
[Round "3"]
[White "Matta, Nicholas F"]
[Black "Jacobson, Aaron"]
[Result "1/2-1/2"]
[WhiteElo "2253"]
[BlackElo "2381"]
[PlyCount "121"]
[EventDate "2024.12.12"]
[EventType "swiss"]
[EventRounds "7"]
[EventCountry "USA"]
[SourceTitle "CB51_2024"]
[SourceDate "2024.12.18"]
[SourceVersion "1"]
[SourceVersionDate "2024.12.18"]
[SourceQuality "1"]

1. d4 e6 2. c4 b6 3. a3 Bb7 4. Nc3 f5 5. d5 Nf6 6. g3 Bd6 7. Nf3 0-0 8. Bg2 Qe7 9. 0-0 Na6 10. b4 c6 11. dxc6 dxc6 12. e4 fxe4 13. Ng5 Be5 14. Qc2 c5 15. b5 Nc7 16. Bb2 Rad8 17. Rae1 Rd7 18. Ncxe4 Bxb2 19. Nxf6+ gxf6 20. Bxb7 fxg5 21. Qxb2 Rd4 22. Qe2 Qf6 23. Be4 Rfd8 24. f4 g4 25. Qxg4+ Kh8 26. Qh5 R8d7 27. Bc6 Rg7 28. Qe2 Rxf4 29. Kh1 Rxf1+ 30. Rxf1 Qe7 31. Qe5 Kg8 32. Rd1 Qf8 33. Kg2 Rf7 34. Bd7 Qa8+ 35. Bc6 Qf8 36. Rd2 Qg7 37. Rd8+ Rf8 38. Qd6 Qb2+ 39. Kh3 Qf6 40. Rxf8+ Qxf8 41. Qxf8+ Kxf8 42. g4 e5 43. g5 Ne6 44. Kg4 Nd4 45. Be4 Kg7 46. h4 h6 47. h5 Ne2 48. gxh6+ Kxh6 49. Kf5 Nc3 50. Kxe5 Kxh5 51. Bh7 Kg5 52. Kd6 Kf4 53. Kc7 Ke3 54. Kb7 Kd2 55. Bf5 Na4 56. Kxa7 Kc3 57. Ka6 Kb3 58. Bg6 Kc3 59. Bf5 Kb3 60. Bg6 Kc3 61. Bf5 1/2-1/2

[Event "New York Fall IM-C"]
[Site "New York"]
[Date "2024.11.09"]
[Round "5"]
[White "Matta, Nicholas F"]
[Black "Hebbar, Eshaan"]
[Result "1/2-1/2"]
[WhiteElo "2285"]
[BlackElo "2074"]
[PlyCount "153"]
[EventDate "2024.11.07"]
[EventType "tourn"]
[EventRounds "9"]
[EventCountry "USA"]
[SourceTitle "CB45_2024"]
[Source "ChessBase"]
[SourceDate "2024.11.06"]
[SourceVersion "1"]
[SourceVersionDate "2024.11.06"]
[SourceQuality "1"]

1. d4 Nf6 2. c4 g6 3. Nc3 Bg7 4. g3 0-0 5. Bg2 d6 6. h3 e5 7. Nf3 Nc6 8. dxe5 dxe5 9. Bg5 Be6 10. Qa4 h6 11. Rd1 Qe7 12. Be3 Nd7 13. Nd5 Qd8 14. 0-0 Kh7 15. b4 Ne7 16. Bg5 f6 17. Bc1 Nxd5 18. cxd5 Nb6 19. Qc2 Bd7 20. Qc5 Re8 21. Be3 Bf8 22. Qc3 Ba4 23. Rd2 Bd6 24. Bc5 Qe7 25. e4 Bd7 26. Rc1 Na4 27. Qc4 a5 28. a3 Rec8 29. Rdc2 b6 30. Bxd6 cxd6 31. Qb3 Rxc2 32. Rxc2 axb4 33. axb4 Qd8 34. Bf1 b5 35. Rc6 Bxc6 36. dxc6 Ra7 37. Bxb5 Nb6 38. Be2 d5 39. Nd2 Qd6 40. exd5 Qxd5 41. Qxd5 Nxd5 42. b5 Ra4 43. Bf3 Nb6 44. c7 Rd4 45. Ne4 Kg7 46. Nc5 Rc4 47. Na6 Kf7 48. Bc6 Ke7 49. Nb8 Kd6 50. Nd7 Kxc7 51. Nxf6 Kd6 52. Ng4 h5 53. Ne3 Rc1+ 54. Kg2 Ke6 55. h4 Rc5 56. Kf3 Nc8 57. Be8 Kf6 58. Bd7 Nd6 59. b6 Ke7 60. Ba4 Rc3 61. g4 Ra3 62. Bc2 Kf7 63. gxh5 gxh5 64. Kg2 Ra5 65. Nc4 Nxc4 66. Bb3 Kf6 67. Bxc4 Ra4 68. b7 Rb4 69. Bd5 Kf5 70. Kg3 e4 71. Bc6 Rb3+ 72. Kg2 Kf4 73. Bd5 Rb2 74. Kf1 Kf3 75. Ke1 Rb4 76. Kd2 Kxf2 77. Bxe4 1/2-1/2

[Event "New York Fall IM-C"]
[Site "New York"]
[Date "2024.11.08"]
[Round "3"]
[White "Matta, Nicholas F"]
[Black "Iinuma, Paul Y"]
[Result "1-0"]
[WhiteElo "2285"]
[BlackElo "2125"]
[PlyCount "85"]
[EventDate "2024.11.07"]
[EventType "tourn"]
[EventRounds "9"]
[EventCountry "USA"]
[SourceTitle "CB45_2024"]
[Source "ChessBase"]
[SourceDate "2024.11.06"]
[SourceVersion "1"]
[SourceVersionDate "2024.11.06"]
[SourceQuality "1"]

1. d4 Nf6 2. c4 e6 3. Nc3 Bb4 4. e3 0-0 5. Bd2 d5 6. Nf3 b6 7. cxd5 exd5 8. Bd3 Bb7 9. 0-0 Nbd7 10. a3 Be7 11. b4 a6 12. Qb3 Bd6 13. a4 Rb8 14. b5 a5 15. Bc1 Re8 16. Ba3 Nf8 17. Bxd6 cxd6 18. Rfc1 Qd7 19. Ne1 Rbc8 20. Rc2 Rc7 21. Rac1 Re7 22. h3 Ne6 23. Be2 Qc8 24. Bf3 Qa8 25. Nd3 g6 26. h4 Kg7 27. g3 Ne4 28. Nf4 Nxf4 29. exf4 Rc4 30. Nd1 f5 31. Bxe4 Rxe4 32. Ne3 Qe8 33. Rxc4 dxc4 34. Rxc4 Kh6 35. Qc3 Bd5 36. Rc7 Qe6 37. Kh2 Qg8 38. Rd7 Be6 39. Rxd6 Qb8 40. Qc6 Bc8 41. Rd8 Rxf4 42. gxf4 Qxf4+ 43. Kg1 1-0

[Event "Titled Tuesday intern op 16th Apr Early"]
[Site "Chess.com INT"]
[Date "2024.04.16"]
[Round "5"]
[White "Matta, Nicholas F"]
[Black "Sonis, Francesco"]
[Result "0-1"]
[WhiteElo "2286"]
[BlackElo "2562"]
[PlyCount "74"]
[EventDate "2024.04.16"]
[EventType "swiss (blitz)"]
[EventRounds "11"]
[EventCountry "USA"]
[SourceTitle "CBM 219 Extra"]
[Source "ChessBase"]
[SourceDate "2024.05.31"]
[SourceVersion "1"]
[SourceVersionDate "2024.05.31"]
[SourceQuality "1"]

1. Nf3 Nf6 2. g3 g6 3. Bg2 Bg7 4. 0-0 0-0 5. c4 d6 6. Nc3 Nbd7 7. e4 e5 8. d3 a6 9. h3 Rb8 10. a4 a5 11. Be3 c6 12. Qd2 Nc5 13. Rad1 Qe7 14. Bh6 Nb3 15. Qe3 Bxh6 16. Qxh6 Nd7 17. d4 exd4 18. Nxd4 Nbc5 19. f4 f6 20. f5 g5 21. h4 g4 22. Nc2 Ne5 23. Ne3 Bd7 24. Rf4 Kh8 25. Nxg4 Nxc4 26. Rf2 Rf7 27. Qf4 Rg7 28. b3 Ne5 29. Nxe5 dxe5 30. Qe3 Rbg8 31. Rf3 Nxb3 32. Ne2 Nc5 33. Qa3 Nxe4 34. Qxe7 Rxe7 35. Rfd3 Bxf5 36. Rf1 Bg4 37. Re3 Bxe2 0-1

[Event "Titled Tuesday intern op 05th Mar Early"]
[Site "Chess.com INT"]
[Date "2024.03.05"]
[Round "2"]
[White "Matta, Nicholas F"]
[Black "Dyulgerov, Volen"]
[Result "1-0"]
[WhiteElo "2286"]
[BlackElo "2200"]
[PlyCount "57"]
[EventDate "2024.03.05"]
[EventType "swiss (blitz)"]
[EventRounds "11"]
[EventCountry "USA"]
[SourceTitle "EXT 2025"]
[Source "ChessBase"]
[SourceDate "2024.10.14"]
[SourceVersion "1"]
[SourceVersionDate "2024.10.14"]
[SourceQuality "1"]

1. b3 a5 2. Bb2 a4 3. bxa4 Rxa4 4. Nc3 Rb4 5. Rb1 Nf6 6. Nf3 b6 7. d4 Bb7 8. a3 Rc4 9. e3 Rc6 10. d5 Rd6 11. e4 Nc6 12. Nb5 Na5 13. Bd3 Ng4 14. Nxd6+ exd6 15. 0-0 Be7 16. Bxg7 Rg8 17. Bc3 Ba8 18. Nd4 Bf6 19. Be2 h5 20. Bxa5 Be5 21. Bxg4 Qh4 22. g3 Rxg4 23. Nf5 Qg5 24. Bd2 Qg6 25. f3 Bxg3 26. fxg4 Bxh2+ 27. Kxh2 hxg4 28. Kg2 Qh5 29. Rh1 1-0

[Event "Titled Tuesday intern op 05th Mar Early"]
[Site "Chess.com INT"]
[Date "2024.03.05"]
[Round "1"]
[White "Niemann, Hans Moke"]
[Black "Matta, Nicholas F"]
[Result "1-0"]
[WhiteElo "2676"]
[BlackElo "2286"]
[PlyCount "93"]
[EventDate "2024.03.05"]
[EventType "swiss (blitz)"]
[EventRounds "11"]
[EventCountry "USA"]
[SourceTitle "EXT 2025"]
[Source "ChessBase"]
[SourceDate "2024.10.14"]
[SourceVersion "1"]
[SourceVersionDate "2024.10.14"]
[SourceQuality "1"]

1. c4 e6 2. Nc3 d5 3. cxd5 exd5 4. d4 c6 5. Bf4 Bf5 6. e3 Nf6 7. Nf3 Bd6 8. Bxd6 Qxd6 9. Nh4 Bg4 10. Qb3 Nbd7 11. h3 Be6 12. Be2 Ne4 13. Nf3 0-0 14. 0-0 Rfe8 15. Rfc1 h6 16. Qa3 Qxa3 17. bxa3 Nd6 18. Rab1 Bf5 19. Rb2 b5 20. Nd2 Nb6 21. a4 Nbc4 22. Nxc4 bxc4 23. Rd1 Rab8 24. Rxb8 Rxb8 25. f3 Rb2 26. Rc1 Bd3 27. Bf1 Nf5 28. e4 Ne3 29. Nd1 Nxd1 30. Rxd1 Bxf1 31. Kxf1 Rxa2 32. Rb1 Rxa4 33. Ke2 c3 34. Kd3 Rc4 35. Kc2 Rxd4 36. Kxc3 Rc4+ 37. Kd3 a5 38. e5 Kh7 39. g3 Kg6 40. Rb7 a4 41. Ra7 Rb4 42. f4 Kf5 43. Rxf7+ Kg6 44. e6 Rb3+ 45. Kd4 Rxg3 46. f5+ Kh7 47. e7 1-0

[Event "Titled Tuesday intern op 30th Jan Early"]
[Site "Chess.com INT"]
[Date "2024.01.30"]
[Round "3"]
[White "Matta, Nicholas F"]
[Black "Maksimovic, Bojan"]
[Result "0-1"]
[WhiteElo "2286"]
[BlackElo "2497"]
[PlyCount "38"]
[EventDate "2024.01.30"]
[EventType "swiss (blitz)"]
[EventRounds "11"]
[EventCountry "USA"]
[SourceTitle "EXT 2025"]
[Source "ChessBase"]
[SourceDate "2024.10.14"]
[SourceVersion "1"]
[SourceVersionDate "2024.10.14"]
[SourceQuality "1"]

1. Nf3 g6 2. g3 Bg7 3. Bg2 d6 4. 0-0 Bd7 5. d4 Qc8 6. Re1 Bh3 7. Bh1 h5 8. e4 Nc6 9. e5 h4 10. Bf4 hxg3 11. hxg3 dxe5 12. Nxe5 Nxe5 13. Bxe5 Nf6 14. Nc3 c6 15. d5 Bg4 16. Qd4 Rxh1+ 17. Kxh1 Bf3+ 18. Kh2 Ng4+ 19. Qxg4 Qxg4 0-1

[Event "Titled Tuesday intern op 23rd Jan Early"]
[Site "Chess.com INT"]
[Date "2024.01.23"]
[Round "4"]
[White "Matta, Nicholas F"]
[Black "Durarbayli, Vasif"]
[Result "0-1"]
[WhiteElo "2286"]
[BlackElo "2627"]
[PlyCount "98"]
[EventDate "2024.01.23"]
[EventType "swiss (blitz)"]
[EventRounds "11"]
[EventCountry "USA"]
[SourceTitle "EXT 2025"]
[Source "ChessBase"]
[SourceDate "2024.10.14"]
[SourceVersion "1"]
[SourceVersionDate "2024.10.14"]
[SourceQuality "1"]

1. Nf3 Nf6 2. g3 b6 3. Bg2 Bb7 4. 0-0 e6 5. c4 c5 6. Nc3 Be7 7. Re1 d6 8. e4 Nbd7 9. d4 cxd4 10. Nxd4 Qc8 11. b3 a6 12. Bb2 0-0 13. Rc1 Re8 14. h3 Bf8 15. f4 g6 16. g4 e5 17. Nde2 exf4 18. Nxf4 Bh6 19. Rf1 Nxe4 20. Nxe4 Bxe4 21. Qd4 Qc5 22. Qxc5 Nxc5 23. Nd5 Bxc1 24. Nf6+ Kf8 25. Nxh7+ Ke7 26. Bf6+ Kd7 27. Rxc1 Bxg2 28. Kxg2 Re2+ 29. Kf3 Rxa2 30. Bd4 Nxb3 31. Nf6+ Kc6 32. Rd1 Nd2+ 33. Kg3 Nxc4 34. h4 b5 35. h5 gxh5 36. gxh5 Rd2 37. Rxd2 Nxd2 38. h6 Rh8 39. Ng4 Rh7 40. Bg7 f5 41. Nf6 Ne4+ 42. Nxe4 fxe4 43. Kf4 d5 44. Ke3 b4 45. Kd4 a5 46. Bf8 b3 47. Kc3 a4 48. Bg7 Kb5 49. Kd4 b2 0-1

[Event "Titled Tuesday intern op 16th Jan Early"]
[Site "Chess.com INT"]
[Date "2024.01.16"]
[Round "6"]
[White "Matta, Nicholas F"]
[Black "Ozkan, Ervin"]
[Result "0-1"]
[WhiteElo "2286"]
[BlackElo "2147"]
[PlyCount "115"]
[EventDate "2024.01.16"]
[EventType "swiss (blitz)"]
[EventRounds "11"]
[EventCountry "USA"]
[SourceTitle "CBM 218 Extra"]
[Source "ChessBase"]
[SourceDate "2024.03.31"]
[SourceVersion "1"]
[SourceVersionDate "2024.03.31"]
[SourceQuality "1"]

1. Nf3 d5 2. g3 Nf6 3. Bg2 c6 4. 0-0 Bf5 5. c4 e6 6. Qb3 Qb6 7. d3 Nbd7 8. Be3 Qxb3 9. axb3 a6 10. Nh4 Bg4 11. h3 Bxe2 12. Rc1 Bxd3 13. Nc3 Bd6 14. Rd1 Bc2 15. Rd2 Bxb3 16. cxd5 cxd5 17. Nf3 0-0 18. Nd4 Bc4 19. b3 Bb4 20. Rc1 Bxc3 21. Rxc3 Bb5 22. Rc7 Rfc8 23. Rxb7 Rab8 24. Ra7 Ra8 25. Rb7 Rcb8 26. Rc7 h6 27. g4 Rc8 28. Rb7 Rab8 29. Ra7 Nc5 30. b4 Nce4 31. Ra2 Bc4 32. Ra1 Rxb4 33. f3 Nd6 34. Bf1 Bxf1 35. Kxf1 Nb5 36. Nxb5 axb5 37. Rb7 Rb3 38. Bd4 Rxf3+ 39. Kg2 Rf4 40. Be5 Re4 41. Bxf6 gxf6 42. Raa7 Rf8 43. Rxb5 h5 44. Kf3 hxg4+ 45. hxg4 Kg7 46. Rbb7 Kg6 47. Re7 Kg5 48. Rxf7 Rxf7 49. Rxf7 Rf4+ 50. Ke3 Rxg4 51. Rg7+ Kf5 52. Rh7 Rg3+ 53. Kd4 e5+ 54. Kxd5 Rd3+ 55. Kc4 Rd8 56. Kc3 e4 57. Re7 Kf4 58. Rd7 0-1

[Event "Titled Tuesday intern op 09th Jan Early"]
[Site "Chess.com INT"]
[Date "2024.01.09"]
[Round "1"]
[White "Matta, Nicholas F"]
[Black "Bluebaum, Matthias"]
[Result "0-1"]
[WhiteElo "2286"]
[BlackElo "2655"]
[PlyCount "124"]
[EventDate "2024.01.09"]
[EventType "swiss (blitz)"]
[EventRounds "11"]
[EventCountry "USA"]
[SourceTitle "CBM 218 Extra"]
[Source "ChessBase"]
[SourceDate "2024.03.31"]
[SourceVersion "1"]
[SourceVersionDate "2024.03.31"]
[SourceQuality "1"]

1. Nf3 d5 2. g3 e6 3. Bg2 Nf6 4. 0-0 Bd6 5. d4 0-0 6. c4 Nc6 7. b3 dxc4 8. bxc4 e5 9. c5 Be7 10. dxe5 Qxd1 11. Rxd1 Ne4 12. Nbd2 Nxc5 13. Ba3 Bg4 14. Rac1 Ne6 15. Bxe7 Nxe7 16. h3 Bh5 17. g4 Bg6 18. Nh4 c6 19. Nc4 Rfd8 20. Nd6 Rab8 21. e3 f6 22. Nhf5 Kf8 23. exf6 gxf6 24. f4 Bxf5 25. gxf5 Nc7 26. e4 Ncd5 27. Nxb7 Rxb7 28. exd5 cxd5 29. Rc6 Rb6 30. Rc7 a6 31. Ra7 Rbd6 32. Bf1 Nxf5 33. Rxa6 Rxa6 34. Bxa6 Ke7 35. Bd3 Ne3 36. Re1 d4 37. Bxh7 Rh8 38. Bf5 Kd6 39. Bg4 f5 40. Be2 Rxh3 41. a4 Nd5 42. a5 Ra3 43. a6 Nxf4 44. Bf1 d3 45. Rd1 Ke5 46. a7 Kd4 47. Kf2 Rxa7 48. Kf3 Ne6 49. Bxd3 Ke5 50. Bxf5 Kxf5 51. Rd5+ Kf6 52. Rh5 Ra3+ 53. Ke4 Ra4+ 54. Ke3 Ng5 55. Rh6+ Ke5 56. Rb6 Ra3+ 57. Ke2 Ne4 58. Rb5+ Kf4 59. Rb4 Re3+ 60. Kf1 Kf3 61. Rb2 Ng3+ 62. Kg1 Re1+ 0-1

[Event "Titled Tuesday intern op 09th Jan Early"]
[Site "Chess.com INT"]
[Date "2024.01.09"]
[Round "9"]
[White "Matta, Nicholas F"]
[Black "Haring, Filip"]
[Result "1/2-1/2"]
[WhiteElo "2286"]
[BlackElo "2432"]
[PlyCount "106"]
[EventDate "2024.01.09"]
[EventType "swiss (blitz)"]
[EventRounds "11"]
[EventCountry "USA"]
[SourceTitle "CBM 218 Extra"]
[Source "ChessBase"]
[SourceDate "2024.03.31"]
[SourceVersion "1"]
[SourceVersionDate "2024.03.31"]
[SourceQuality "1"]

1. Nf3 d5 2. g3 c5 3. Bg2 Nc6 4. 0-0 e5 5. d3 Bd6 6. Nc3 Nge7 7. e4 d4 8. Nd5 Nxd5 9. exd5 Ne7 10. Re1 f6 11. Nh4 0-0 12. c4 g5 13. Nf3 Ng6 14. Nd2 f5 15. Qh5 g4 16. b4 cxb4 17. c5 Bxc5 18. Nc4 Re8 19. Bg5 Qd7 20. Bf6 Qf7 21. Bxe5 Nxe5 22. Qxf7+ Kxf7 23. Nxe5+ Kf8 24. Rac1 Be7 25. Nc4 Bd7 26. Re5 Bf6 27. Rxe8+ Rxe8 28. Nd6 Re2 29. Nxb7 Rxa2 30. Nc5 Ke7 31. d6+ Kxd6 32. Nb7+ Ke7 33. Re1+ Kf8 34. Bd5 Rb2 35. Nc5 Bc8 36. Ra1 a6 37. Nxa6 Bxa6 38. Rxa6 Be7 39. Ra8+ Kg7 40. Ra7 Kf6 41. Rb7 Rb1+ 42. Kg2 Rd1 43. Bc4 Rd2 44. Rb6+ Kg5 45. Rb7 Kf6 46. Rb6+ Kg5 47. Rb7 Bf6 48. Rxh7 Kg6 49. Rb7 Rb2 50. Bf7+ Kg5 51. Bc4 Kg6 52. Bf7+ Kg5 53. Bc4 Kg6 1/2-1/2

[Event "Titled Tuesday intern op 02nd Jan Late"]
[Site "Chess.com INT"]
[Date "2024.01.02"]
[Round "2"]
[White "Matta, Nicholas F"]
[Black "Doluhanova, Evgeniya"]
[Result "1-0"]
[WhiteElo "2286"]
[BlackElo "2224"]
[PlyCount "79"]
[EventDate "2024.01.02"]
[EventType "swiss (blitz)"]
[EventRounds "11"]
[EventCountry "USA"]
[SourceTitle "EXT 2025"]
[Source "ChessBase"]
[SourceDate "2024.10.14"]
[SourceVersion "1"]
[SourceVersionDate "2024.10.14"]
[SourceQuality "1"]

1. Nf3 Nf6 2. g3 c5 3. Bg2 Nc6 4. 0-0 b6 5. d4 cxd4 6. Nxd4 Bb7 7. c4 g6 8. Nc3 Bg7 9. b3 0-0 10. Bb2 Qc8 11. Nd5 Nxd5 12. cxd5 Nxd4 13. Bxd4 e5 14. Bb2 d6 15. Rc1 Qd7 16. Qd3 Rac8 17. h4 f5 18. e4 f4 19. Kh2 g5 20. hxg5 Qf7 21. gxf4 Qxf4+ 22. Qg3 Qd2 23. Ba3 Rxc1 24. Bxc1 Qxa2 25. g6 h6 26. Bh3 Bc8 27. Bxc8 Rxc8 28. Qg4 Rf8 29. Qe6+ Kh8 30. Be3 Qe2 31. Kg2 Qd3 32. Qg4 Re8 33. Rh1 Kg8 34. Bxh6 Bxh6 35. Rxh6 Qd2 36. Qh5 Qf4 37. Rh8+ Kg7 38. Qh7+ Kf6 39. Qf7+ Kg5 40. Qxf4+ 1-0

[Event "Titled Tuesday intern op 26th Dec Late"]
[Site "Chess.com INT"]
[Date "2023.12.26"]
[Round "9"]
[White "Matta, Nicholas F"]
[Black "Hajiyev, Kanan"]
[Result "0-1"]
[WhiteElo "2286"]
[BlackElo "2135"]
[PlyCount "112"]
[EventDate "2023.12.26"]
[EventType "swiss (blitz)"]
[EventRounds "11"]
[EventCountry "USA"]
[SourceTitle "EXT 2025"]
[Source "ChessBase"]
[SourceDate "2024.10.14"]
[SourceVersion "1"]
[SourceVersionDate "2024.10.14"]
[SourceQuality "1"]

1. Nf3 Nf6 2. g3 d5 3. Bg2 g6 4. b3 Bg7 5. Bb2 0-0 6. 0-0 c5 7. d4 Ne4 8. Qc1 cxd4 9. Bxd4 Bxd4 10. Nxd4 Nc6 11. Nxc6 bxc6 12. c4 Qd6 13. Nc3 Nxc3 14. Qxc3 a5 15. Rfd1 e6 16. e4 Bb7 17. Rac1 Qb4 18. cxd5 cxd5 19. exd5 exd5 20. Bxd5 Bxd5 21. Rxd5 Qxc3 22. Rxc3 a4 23. b4 a3 24. b5 Rfb8 25. Rb3 Rb6 26. h4 h5 27. Kg2 Ra4 28. Rc5 Ra5 29. Kf3 Kg7 30. Ke3 Kf6 31. Rc6+ Rxc6 32. bxc6 Rc5 33. Rb6 Ke5 34. Kd3 Kd5 35. Ra6 Ke5 36. f4+ Kd5 37. Rb6 Kd6 38. Ra6 Kd5 39. Rxa3 Rxc6 40. Ra7 Ke6 41. a4 f6 42. a5 Kf5 43. Rb7 Rc1 44. a6 Ra1 45. a7 Kg4 46. Ke4 Kxg3 47. f5 Ra4+ 48. Kd5 gxf5 49. Ke6 f4 50. Kxf6 f3 51. Kg5 f2 52. Rf7 Rxa7 53. Rf8 Ra5+ 54. Kh6 Ra4 55. Kxh5 Rf4 56. Rg8+ Kf3 0-1

[Event "Charlotte CCCSA Fall IM-D"]
[Site "Charlotte"]
[Date "2023.11.20"]
[Round "8"]
[White "Matta, Nicholas F"]
[Black "Ansh, M Shah"]
[Result "1/2-1/2"]
[WhiteElo "2287"]
[BlackElo "2169"]
[PlyCount "196"]
[EventDate "2023.11.17"]
[EventType "tourn"]
[EventRounds "9"]
[EventCountry "USA"]
[SourceTitle "CBM 217 Extra"]
[Source "ChessBase"]
[SourceDate "2024.01.31"]
[SourceVersion "1"]
[SourceVersionDate "2024.01.31"]
[SourceQuality "1"]

1. d4 Nf6 2. Nf3 e6 3. g3 b6 4. Bg2 Bb7 5. 0-0 Be7 6. c4 0-0 7. Nc3 d5 8. cxd5 exd5 9. Bf4 Nbd7 10. Rc1 c5 11. Ne5 cxd4 12. Qxd4 Bc5 13. Qd3 Re8 14. Nxd7 Qxd7 15. Bg5 Re5 16. Bxf6 gxf6 17. Ne4 Qe7 18. Nxc5 bxc5 19. Qb5 Rc8 20. e3 Rc7 21. Qa5 Re6 22. Qa4 Ra6 23. Qg4+ Kh8 24. Rfd1 Qe5 25. a3 Rb6 26. Rc2 Rd6 27. Rdc1 c4 28. Rd1 Bc8 29. Qd4 Be6 30. e4 Rcd7 31. Qxe5 fxe5 32. exd5 Kg7 33. Rdd2 Bxd5 34. Bxd5 Rxd5 35. Rxd5 Rxd5 36. Rxc4 a5 37. Kg2 Rd2 38. b4 a4 39. b5 Rb2 40. Rxa4 Rxb5 41. Rb4 Rc5 42. a4 Rc3 43. a5 Ra3 44. Rb5 f6 45. Rb7+ Kg6 46. Ra7 Kh6 47. a6 Kg6 48. Ra8 Kg7 49. Kh3 Ra4 50. g4 Ra3+ 51. Kh4 Ra2 52. a7 h6 53. h3 Ra3 54. f3 Ra5 55. Kg3 Ra2 56. h4 Ra3 57. Kf2 Ra2+ 58. Ke3 Ra4 59. Kd3 Ra3+ 60. Ke4 Ra4+ 61. Kd5 Ra6 62. Kc5 Ra1 63. Kb6 Rb1+ 64. Kc7 Ra1 65. Kd6 Ra6+ 66. Ke7 Ra1 67. Ke6 Ra6+ 68. Kf5 Ra5 69. Ke6 Ra6+ 70. Kd5 Ra1 71. Kc5 Ra2 72. Kd6 Ra6+ 73. Kd7 Ra1 74. h5 Ra2 75. Ke8 Ra3 76. Ke7 Ra1 77. Ke6 Ra6+ 78. Kf5 Ra3 79. g5 fxg5 80. Kxe5 Ra1 81. Ke6 Re1+ 82. Kd6 Rd1+ 83. Kc6 Rc1+ 84. Kd5 Rd1+ 85. Ke4 Re1+ 86. Kf5 Ra1 87. Kg4 Rg1+ 88. Kh3 Ra1 89. Kg3 Rg1+ 90. Kf2 Ra1 91. Kg2 Ra2+ 92. Kg3 Ra1 93. Kg4 Rg1+ 94. Kf5 Ra1 95. Ke6 Re1+ 96. Kf5 Ra1 97. Ke6 Re1+ 98. Kf5 Ra1 1/2-1/2

[Event "Charlotte CCCSA Fall IM-D"]
[Site "Charlotte"]
[Date "2023.11.19"]
[Round "5"]
[White "Wan, Joseph C"]
[Black "Matta, Nicholas F"]
[Result "0-1"]
[WhiteElo "2242"]
[BlackElo "2287"]
[PlyCount "94"]
[EventDate "2023.11.17"]
[EventType "tourn"]
[EventRounds "9"]
[EventCountry "USA"]
[SourceTitle "CBM 217 Extra"]
[Source "ChessBase"]
[SourceDate "2024.01.31"]
[SourceVersion "1"]
[SourceVersionDate "2024.01.31"]
[SourceQuality "1"]

1. e4 c6 2. Nf3 d5 3. d3 dxe4 4. dxe4 Qxd1+ 5. Kxd1 Nf6 6. Nbd2 g6 7. c3 Bh6 8. h3 Nbd7 9. b4 a5 10. Bd3 Bg7 11. Bb2 Nb6 12. Bc2 0-0 13. a3 Rd8 14. Ke2 Be6 15. Rhd1 Nc4 16. Nxc4 Bxc4+ 17. Ke1 Nd7 18. g3 Kf8 19. h4 Ke8 20. Nd2 Nb6 21. f4 e5 22. f5 Bd3 23. Bb3 Bh6 24. fxg6 hxg6 25. c4 a4 26. Ba2 Bc2 27. c5 Bxd1 28. Rxd1 Rxd2 29. Rxd2 Bxd2+ 30. Kxd2 Nd7 31. Ke3 Ke7 32. Bb1 f6 33. Bc2 Nf8 34. Bc3 Ne6 35. Bb2 Nc7 36. Bc1 Ke6 37. Bb2 Nb5 38. Bd1 Nd4 39. h5 gxh5 40. Bxh5 Rg8 41. Kf2 Nb3 42. Be2 Rh8 43. Bc4+ Ke7 44. Kg2 Rd8 45. Bc3 Nd2 46. Bxd2 Rxd2+ 47. Kf3 Rc2 0-1

[Event "Charlotte CCCSA Fall IM-D"]
[Site "Charlotte"]
[Date "2023.11.17"]
[Round "1"]
[White "Matta, Nicholas F"]
[Black "Dukic, Zachary"]
[Result "0-1"]
[WhiteElo "2287"]
[BlackElo "2233"]
[PlyCount "120"]
[EventDate "2023.11.17"]
[EventType "tourn"]
[EventRounds "9"]
[EventCountry "USA"]
[SourceTitle "CBM 217 Extra"]
[Source "ChessBase"]
[SourceDate "2024.01.31"]
[SourceVersion "1"]
[SourceVersionDate "2024.01.31"]
[SourceQuality "1"]

1. d4 Nf6 2. Nf3 d5 3. c4 e6 4. g3 dxc4 5. Bg2 Bb4+ 6. Bd2 a5 7. 0-0 0-0 8. Bxb4 axb4 9. Ne5 Nc6 10. Nxc6 bxc6 11. Bxc6 Rb8 12. a3 Bb7 13. Bxb7 Rxb7 14. axb4 Rxb4 15. Na3 Qd5 16. Rc1 h5 17. Nc2 Rxb2 18. Ne3 Qe4 19. Nxc4 Ra2 20. e3 h4 21. Ne5 Rb8 22. Qd3 h3 23. Qxe4 Nxe4 24. Nc4 Rb4 25. Ne5 Rbb2 26. Nd3 Rd2 27. Rcd1 g5 28. g4 Kg7 29. Rfe1 Rxf2 30. Nxf2 Rxf2 31. Rf1 Rg2+ 32. Kh1 Nf2+ 33. Rxf2 Rxf2 34. Rc1 Re2 35. Kg1 Rxe3 36. Kf2 Re4 37. Kf3 Rxd4 38. Rxc7 Rd3+ 39. Kf2 e5 40. Re7 Kf6 41. Re8 Ra3 42. Rb8 e4 43. Rb5 Rf3+ 44. Ke2 Rf4 45. Rb6+ Kg7 46. Rb3 Rxg4 47. Rxh3 Rh4 48. Rg3 Rxh2+ 49. Ke3 Kg6 50. Kxe4 Rf2 51. Ke3 Rf4 52. Rg2 Kf5 53. Ra2 f6 54. Ra1 Kg4 55. Rg1+ Kh3 56. Rh1+ Kg2 57. Rh6 Rf3+ 58. Ke2 g4 59. Rg6 g3 60. Rg8 f5 0-1